000 00432nam a22001577a 4500
005 20260305113300.0
008 260305b |||||||| |||| 00| 0 eng d
020 _a9780367341947
050 _aHD9000.5
_b.B37
100 _aFreddie, L. Barand
245 _aAgribusiness Management
260 _a6th
_bAbingdon, oxon
_cRoutledge
300 _axxiii, 532p.
650 _aAgricultural Industry- Management
_vAgric-Economic
942 _cBK
999 _c4591
_d4591